[Event "GER Seniors Derby 09th"]
[Site "Wesel Undeloh"]
[Date "2010.04.11"]
[Round "7.20"]
[White "Moeckel, Ralf"]
[Black "Guth, Wolfgang"]
[Result "1/2-1/2"]
[WhiteElo "1543"]
[BlackElo "1413"]
[PlyCount "55"]
[EventDate "2010.04.08"]
[EventType "swiss"]
[EventRounds "7"]
[EventCountry "GER"]
[SourceTitle "EXT 2022"]
[Source "ChessBase"]
[SourceDate "2021.10.06"]
[SourceVersion "1"]
[SourceVersionDate "2021.10.06"]
[SourceQuality "1"]

1. e4 c6 2. d4 d5 3. Nc3 dxe4 4. Nxe4 Bf5 5. Ng3 Bg6 6. Nf3 Nd7 7. Bd3 Bxd3 8. Qxd3 Ngf6 9. c3 e6 10. Bf4 Nd5 11. Be3 Qc7 12. Ne4 Be7 13. Ned2 0-0 14. 0-0 c5 15. Qe2 a6 16. Rac1 Rac8 17. c4 Nf4 18. Bxf4 Qxf4 19. Qe3 Qxe3 20. fxe3 Nf6 21. Rfd1 cxd4 22. exd4 h6 23. a3 b6 24. b4 Rc7 25. c5 Rfc8 26. Nc4 bxc5 27. dxc5 Nd5 28. Rb1 1/2-1/2

[Event "GER Seniors Derby 09th"]
[Site "Wesel Undeloh"]
[Date "2010.04.09"]
[Round "3.15"]
[White "Moeckel, Ralf"]
[Black "Barth, Hans Joachim"]
[Result "0-1"]
[WhiteElo "1543"]
[BlackElo "1739"]
[PlyCount "78"]
[EventDate "2010.04.08"]
[EventType "swiss"]
[EventRounds "7"]
[EventCountry "GER"]
[SourceTitle "EXT 2022"]
[Source "ChessBase"]
[SourceDate "2021.10.06"]
[SourceVersion "1"]
[SourceVersionDate "2021.10.06"]
[SourceQuality "1"]

1. e4 g6 2. Nf3 Nf6 3. e5 Nd5 4. d4 Bg7 5. Nc3 Nxc3 6. bxc3 d6 7. exd6 cxd6 8. Bc4 Qc7 9. Qe2 0-0 10. Bd2 Bg4 11. Bb3 Nc6 12. h3 Bf5 13. 0-0 a5 14. a4 e5 15. d5 Ne7 16. g4 Bd7 17. Rab1 Kh8 18. Qc4 Qb8 19. Ng5 h6 20. Nf3 f5 21. g5 h5 22. Qe2 f4 23. Kh2 Qc8 24. c4 Bxh3 25. Rg1 Bg4 26. Qe4 Bxf3 27. Qxf3 Nf5 28. c3 Rb8 29. Bc1 Qc5 30. Ba2 Nh4 31. Qe2 f3 32. Qe3 Qxe3 33. Bxe3 e4 34. Rb6 Bxc3 35. Kh3 Nf5 36. Bf4 Bb4 37. Bb1 Bc5 38. Rb2 e3 39. fxe3 Nxe3 0-1